|
|
|
|
| LEADER |
00000nta a2200000 i 4500 |
| 001 |
dolg42645 |
| 005 |
20230121123056.0 |
| 008 |
230121s2014 hu om 000 hun d |
| 040 |
|
|
|a BGE Dolgozattár Repozitórium
|b hun
|
| 041 |
|
|
|a hu
|
| 100 |
1 |
|
|a Haliárszki Nikolett Bettina
|
| 245 |
1 |
0 |
|a Dánia és az eurózóna kapcsolata
|c Haliárszki Nikolett Bettina
|h [elektronikus dokumentum]
|
| 260 |
|
|
|c 2014
|
| 695 |
|
|
|a Dánia
|
| 695 |
|
|
|a Eurózóna
|
| 700 |
1 |
|
|a Nincs adat Nincs adat
|e ths
|
| 856 |
4 |
0 |
|u http://dolgozattar.uni-bge.hu/42645/1/D_16942_R7AFVP%20-%20Hali%C3%A1rszki%20Nikolett%20%20Bettina.pdf
|z Dokumentum-elérés
|